Cuentos completos (Record no. 60448)

MARC details
000 -LEADER
campo de control de longitud fija 01787nac a2200289 a 4500
003 - IDENTIFICADOR DE NÚMERO DE CONTROL
campo de control CO-PeBPM
005 - FECHA Y HORA DE LA ÚLTIMA TRANSACCIÓN
campo de control 20250127164901.0
007 - CAMPO FIJO DE DESCRIPCIÓN FÍSICA--INFORMACIÓN GENERAL
campo de control de longitud fija ta
008 - DATOS DE LONGITUD FIJA--INFORMACIÓN GENERAL
campo de control de longitud fija 250127s2018 ck |||| |||| 00| 0 spa d
020 ## - NÚMERO INTERNACIONAL ESTÁNDAR DEL LIBRO
Número Internacional Estándar del Libro ISBN 13: 9789584270030
020 ## - NÚMERO INTERNACIONAL ESTÁNDAR DEL LIBRO
Número Internacional Estándar del Libro 10: 9584270036
020 ## - NÚMERO INTERNACIONAL ESTÁNDAR DEL LIBRO
Número Internacional Estándar del Libro ISBN: 9786070749445 Primera edición México
040 ## - FUENTE DE CATALOGACIÓN
Centro catalogador/agencia de origen CO-PeBPM
Lengua de catalogación spa
Centro/agencia transcriptor CO-PeBPM
Normas de descripción rda
041 ## - CÓDIGO DE IDIOMA
Código de lengua del texto/banda sonora o título independiente spa
082 04 - NÚMERO DE LA CLASIFICACIÓN DECIMAL DEWEY
Número de clasificación Br869.3 F676c
Número de edición 22
100 10 - ENTRADA PRINCIPAL--NOMBRE DE PERSONA
Nombre de persona Fonseca, Rubem
Fechas asociadas al nombre , 1925-
Término indicativo de función/relación autor
245 10 - MENCIÓN DEL TÍTULO
Título Cuentos completos
Mención de responsabilidad, etc. / Rubem Fonseca
260 ## - PUBLICACIÓN, DISTRIBUCIÓN, ETC.
Lugar de publicación, distribución, etc. Bogotá, Colombia
Nombre del editor, distribuidor, etc. : Planeta Colombiana
Fecha de publicación, distribución, etc. , 2018
300 ## - DESCRIPCIÓN FÍSICA
Extensión 3 volúmenes
Dimensiones 22,5 centímetros
490 ## - MENCIÓN DE SERIE
Mención de serie Andanzas
500 ## - NOTA GENERAL
Nota general Incluyen índice al final del texto
520 ## - RESUMEN, ETC.
Sumario, etc. Por estas historias de uno de los maestros de la literatura contemporánea, transitan asesinos, prostitutas, pobres… marginales. Cuentos con un estilo crudo y brutal. Descarnados. Como la vida misma. La biografía del autor está entreverada con sus historias: Rubem Fonseca fue comisario policial y sus libros hablan de ese mundo. Sólo que en sus páginas el bien tiene perdida la partida siempre. Por ello su producción se podría clasificar dentro del género negro.<br/>Sin embargo todos estos relatos son sorprendentes y de una belleza perturbadora tal, que sólo es posible leerlos uno tras otro. En este último tomo se reúnen 5 libros que dan cuenta de su producción en un género que, decía Cortázar, se debía ganar por nocaut. Y estos cuentos son un golpetazo directo a la cabeza. Todo ello con un dominio impecable del lenguaje, humor y exuberancia expresiva.
650 14 - PUNTO DE ACCESO ADICIONAL DE MATERIA--TÉRMINO DE MATERIA
Término de materia o nombre geográfico como elemento de entrada Cuentos brasileños
Fuente del encabezamiento o término LEMB
650 14 - PUNTO DE ACCESO ADICIONAL DE MATERIA--TÉRMINO DE MATERIA
Término de materia o nombre geográfico como elemento de entrada Literatura brasileña
Fuente del encabezamiento o término LEMB
942 ## - ELEMENTOS DE ENTRADA SECUNDARIOS (KOHA)
Fuente del sistema de clasificación o colocación Clasificación Decimal Dewey
Tipo de ítem Koha Libros
Suprimir en OPAC No
Holdings
Estatus retirado Estado de pérdida Fuente del sistema de clasificación o colocación Estado de daño No para préstamo Biblioteca de origen Biblioteca actual Fecha de adquisición Fuente de adquisición Total de préstamos Signatura topográfica completa Código de barras Visto por última vez Copia número Precio de reemplazo Tipo de ítem Koha Fecha del último préstamo
    Clasificación Decimal Dewey     BIBLIOTECA PÚBLICA MUNICIPAL RAMON CORREA MEJIA BIBLIOTECA PÚBLICA MUNICIPAL RAMON CORREA MEJIA 27/12/2021 comprado   Br869.3 F676c 46986 27/01/2025 V.1 Ej.1 27/01/2025 Libros  
    Clasificación Decimal Dewey     BIBLIOTECA PÚBLICA MUNICIPAL RAMON CORREA MEJIA BIBLIOTECA PÚBLICA MUNICIPAL RAMON CORREA MEJIA 27/12/2021 comprado   Br869.3 F676c 46987 27/01/2025 V.2 Ej.1 27/01/2025 Libros  
    Clasificación Decimal Dewey     BIBLIOTECA PÚBLICA MUNICIPAL RAMON CORREA MEJIA BIBLIOTECA PÚBLICA MUNICIPAL RAMON CORREA MEJIA 27/12/2021 comprado 1 Br869.3 F676c 46988 25/08/2025 V.3 Ej.1 27/01/2025 Libros 11/08/2025

Powered by Koha